=LDR 00000nam 2200000 4500 =001 INLIS000000000047610 =005 20160127125012.0 =006 =007 =008 =020 ##$$a 978-979-709-710-3 =035 ##$$0010-011600000000068 =082 ##$$a 327.12 =100 ##$$a hendropriyono =245 ##$$a filsafat intelijen =250 ##$$a cet.1 =260 ##$$a jakarta $b kompas media nusantara $c 2013 =300 ##$$a xvi, 232 hlm $b ilus $c 21 cm =990 ##$$a 0001/BPAP-NTB/2016